000 00657cam a22002531 4500
001 sa 68017578
003 DLC
005 20260227112703.0
008 950302s1968 ii ab b 000 0 beno
010 _asa 68017578
025 _aPL480:EP-B-1695
035 _a(OCoLC)32076418
040 _aDLC
_cCU
_dCU
_dDLC
042 _apremarc
050 0 0 _aDS485.S36
_bK6
100 0 _aKoraka Saṃsada.
245 1 0 _aSaṃkhyāẏa Sātakshīrā.
260 _c[1968]
300 _a49 p.
_billus., maps.
_c22 x 35 cm.
500 _aCover title.
500 _aIn Bengali.
504 _aBibliography : p. 49
651 0 _aSātkhira (Bangladesh)
_vStatistics.
999 _c87802
_d87802